Giải tích 12 :

Nội dung sách giới thiệu ứng dụng đạo hàm để khảo sát và vẽ đồ thị của hàm số, hàm số luỹ thừa, hàm số mũ và hàm số Lôgarit...

Sparad:
Bibliografiska uppgifter
Huvudupphovsman: Trần, Văn Hạo
Materialtyp: Bok
Språk:Undetermined
Publicerad: Hà Nội Giáo dục 2013
Ämnen:
Taggar: Lägg till en tagg
Inga taggar, Lägg till första taggen!
Thư viện lưu trữ: Trung tâm Học liệu Trường Đại học Cần Thơ
LEADER 00853nam a2200217Ia 4500
001 CTU_182596
008 210402s9999 xx 000 0 und d
020 |c 7800 
082 |a 515.0712 
082 |b H108 
100 |a Trần, Văn Hạo 
245 0 |a Giải tích 12 : 
245 0 |c Trần Văn Hạo ( tổng chủ biên ) ... [ et al. ] 
260 |a Hà Nội 
260 |b Giáo dục 
260 |c 2013 
520 |a Nội dung sách giới thiệu ứng dụng đạo hàm để khảo sát và vẽ đồ thị của hàm số, hàm số luỹ thừa, hàm số mũ và hàm số Lôgarit... 
650 |a Mathematical analysis,Toán giải tích 
650 |x Study and teaching,Học và giảng dạy 
904 |i Tuyến 
980 |a Trung tâm Học liệu Trường Đại học Cần Thơ